| 000 -ლიდერი |
| ფიქსირებული სიგრძის საკონტროლო ველი |
01638nam a22002657a 4500 |
| 003 - საკონტროლო ნომრის იდენტიფიკატორი |
| საკონტროლო ველი |
Ge_BSU |
| 005 - ბოლო ოპერაციის თარიღი და დრო |
| საკონტროლო ველი |
20230926123247.0 |
| 008 - ფიქსირებული სიგრძის მონაცემთა ელემენტები - ზოგადი ინფორმაცია |
| ფიქსირებული სიგრძის საკონტროლო ველი |
230922s2015 ge ||||| |||| 00| 0 geo d |
| 020 ## - წიგნის საერთაშორისო სტანდარტული ნომერი |
| International Standard Book Number |
9789941937149 |
| 041 ## - ენის კოდი |
| Language code of text/sound track or separate title |
geo |
| 080 ## - უნივერსალური ათობითი კლასიფიკაციის ინდექსი |
| Universal Decimal Classification number |
821.411.21-3 ჯ-42 |
| 100 ## - მთავარი ჩანაწერი - პიროვნების სახელი |
| Personal name |
ჯიბრანი, ხალილ ჯიბრან |
| 9 (RLIN) |
19869 |
| 245 ## - ცნობა სათაურის შესახებ |
| Title |
მცირე პროზა, ესეისტიკა / |
| Statement of responsibility, etc |
ჯიბრან ხალილ ჯიბრანი, ამინ არ-რეიჰანი; მთარგმნელები : დარეჯან გარდავაძე, იზოლდა გრძელიძე, ნინო დოლიძე [და სხვ.]; რედაქტორი დარეჯან გარდავაძე. |
| 264 ## - წარმოების, გამოცემის, დისტრიბუციის და სხვა ცნობები |
| გამოცემის, წარმოების, დისტრიბუციის... ადგილი |
თბილისი : |
| გამოცემის, წარმოების, დისტრიბუციის... სახელწოდება |
ქართული აკადემიური წიგნი, |
| გამოცემის, წარმოების, დისტრიბუციის... თარიღი |
2015. |
| 300 ## - ფიზიკური აღწერა |
| Extent |
232 გვ. ; |
| Other physical details |
20 სმ. |
| 653 ## - INDEX TERM--UNCONTROLLED |
| Uncontrolled term |
პროზა |
| 653 ## - INDEX TERM--UNCONTROLLED |
| Uncontrolled term |
ესეისტიკა |
| 700 ## - ADDED ENTRY--PERSONAL NAME |
| Personal name |
არ–რეიჰანი, ამინ |
| Relator term |
ავტორი |
| 9 (RLIN) |
19870 |
| 700 ## - ADDED ENTRY--PERSONAL NAME |
| Personal name |
გარდავაძე, დარეჯან, მთარგმნელი |
| Relator term |
რედაქტორი |
| 9 (RLIN) |
19868 |
| 700 ## - ADDED ENTRY--PERSONAL NAME |
| Personal name |
გრძელიძე, იზოლდა |
| Relator term |
მთარგმნელი |
| 9 (RLIN) |
19871 |
| 700 ## - ADDED ENTRY--PERSONAL NAME |
| Personal name |
დოლიძე, ნინო |
| Relator term |
მთარგმნელი |
| 9 (RLIN) |
19872 |
| 700 ## - ADDED ENTRY--PERSONAL NAME |
| Personal name |
ზურაბიშვილი, ინგა |
| Relator term |
მთარგმნელი |
| 9 (RLIN) |
19873 |
| 700 ## - ADDED ENTRY--PERSONAL NAME |
| Personal name |
სურმავა, ნინო |
| Relator term |
მთარგმნელი |
| 9 (RLIN) |
19874 |
| 942 ## - ADDED ENTRY ELEMENTS (KOHA) |
| Source of classification or shelving scheme |
|
| Koha item type |
წიგნი |